000 00520nam a2200181 i 4500
001 101722
003 ES-MaACL
005 20230906182950.0
007 t|
008 051021s1973 sp ||||1| spa d
100 1 _aMehnert, Klaus.
_979819
245 1 0 _aChina después de la tormenta /
_cKlaus Mehnert; [versión de Miguel Torres].
250 _a[1ª ed.].
260 _aBarcelona :
_bGrijalbo,
_c1973.
300 _a322 p. ;
_c22 cm.
700 1 _aTorres, Miguel.
_9110910
852 _aES-MaACL
_jC-53879
_bR.86859
999 _c101722
_d101722